000 00808nam a22002417a 4500
999 _c727
_d727
003 AR-CdUCM
008 190225b ||||| |||| 00| 0 spa d
040 _aMUNICIPALIDAD PROVINCIAL DEL CUSCO
_cBIBLIOTECA MUNICIPAL DEL CUSCO
041 _heng
082 _a900 /
_bF22.
100 _aFarb, Petter
_92788
245 _aEl rostro de América del Norte :
_bHistoria Natural de un contiene /
260 _aArgentina :
_bTroquel,
_c1977.
300 _a360 páginas ;
_c23 cm.
505 _aLa tierra esculpida -- La costa rocosa -- Playas de arena -- Corales y deltas -- La frontera occidental...
650 _aGegrafía
_92789
650 _aBiología
_9881
650 _aBotánica
_92790
650 _aViajes
_9856
650 _aAmérica del Norte
_92791
942 _2ddc
_cLIBROS
945 _admma
_d2019-02-25